| 000 | 00437nam a2200169 i 4500 | ||
|---|---|---|---|
| 001 | 96674 | ||
| 003 | ES-MaACL | ||
| 005 | 20230906181946.0 | ||
| 007 | t| | ||
| 008 | 050629s1972 sp ||||1| spa d | ||
| 100 | 1 |
_aManegat, Luis G. _975968 |
|
| 245 | 1 | 0 |
_aAl filo de la vida / _cLuis G. Manegal. |
| 250 | _a[1ยช ed.]. | ||
| 260 |
_aBarcelona : _bMarte, _c1972. |
||
| 300 |
_a306 p. ; _c20 cm. |
||
| 852 |
_aES-MaACL _jC-51734 _bR.83881 |
||
| 999 |
_c96674 _d96674 |
||